Guess the Fusion Rock Song Lyrics #289 - Statistics

General Stats
  • This quiz has been taken 19 times
  • The average score is 71 of 138
Answer Stats
Answer % Correct
the
100%
The
100%
and
87%
And
87%
to
87%
you
87%
her
80%
love
80%
No
80%
no
80%
all
73%
at
73%
on
73%
She
73%
is
67%
It's
67%
they
67%
your
67%
static
60%
time
60%
As
53%
as
53%
but
53%
don't
47%
Nothin
47%
off
47%
some
47%
Steely Dan
47%
girls
40%
long
40%
nice
40%
She'll
40%
somebody
40%
song
40%
FM
33%
Give
33%
high
33%
right
33%
seem
33%
up
33%
blues
27%
bottle
27%
care
27%
else's
27%
Elvis
27%
grapefruit
27%
heeled
27%
Mama
27%
party
27%
play
27%
reggae
27%
sneakers
27%
treats
27%
twice
27%
what's
27%
wine
27%
dawn
20%
favorite
20%
Feed
20%
funked
20%
hungry
20%
Kick
20%
til
20%
tonight
20%
mood
13%
Muzak
7%
Worry
7%
No matching quizzes found
Score Distribution
Percent of People with Each Score
Percentile by Number Answered
Your Score History
You have not taken this quiz